000 00788nam a2200241 a 4500
001 BRCA_4618
005 20190320204735.0
008 270910s1942----sp-a######---#000-0#spa-#
041 _aspa
044 _asp
050 4 _aN6415
_b.W45 1942
100 1 _aWeisbach, Warner
_911692
245 1 0 _ael barroco
_barte de la contrarreforma
_cWerner Weisbach ; traducción y ensayo preliminar de Enrique Lafuente Ferrari.
260 _aMadrid
_bEspasa-Calpe
_c1942
300 _a345 p.
_bil., 117 láminas
_c27 cm.
500 _aIncluye notas de los capítulos, índice onomástico e índice de ilustraciones
500 _aD33
650 1 4 _aArte barroco
_93994
650 1 4 _aArte y simbolismo cristiano
_99209
700 1 _aLafuente Ferrari, Enrique
_92561
902 _aGFM
942 _2lcc
_cB
999 _c4323
_d4323